000 00788na a2200277 4500
001 24601
003 MIRAKIL
005 20190109120944.0
008 181217b tu 000 0
041 _atur
082 _a956.101543092
_bC35h 1996
090 _a956.101543092 C35h 1996
100 _aCemal Paşa
_d1872-1922
245 _aHatırat
_cCemal Paşa ; yayına hazırlayan Metin Martı
250 _a5. bs.
260 _aİstanbul
_bArma yayınları
_c1996
300 _a399 s.
_c20 sm.
440 _aArma yayınları
_v17
490 _aTarih-Anı
_v6
504 _aDizin var.
600 _aCemal Paşa
_d1872-1922
_xAnılar
600 _aCemal Paşa
_d1872-1922
_xYaşamöyküsü
650 _aTürkiye
_xTarih
700 _aMartı, Metin
_eyay. haz.
942 _2ddc
_cBKS
999 _c12541
_d12541